000 00425nam a2200181Ia 4500
001 14894
005 20260306164947.0
008 260306t2004||||xx |||||||||||||| ||spa||
041 _aESP
082 _a519.5
_bL54 2004
100 _aLevin, Richard I.
_eAUT
245 0 _aEstadística para administración y economía
260 _c2004
300 _a
_c
650 _aGEN
654 _aCMA
942 _cLIB
_dJUS
_fJUS
_2ddc
_n
999 _c14894
_d14894